Theory of machines (Record no. 5797)

000 -LEADER
fixed length control field 00476nam a2200193 4500
001 - CONTROL NUMBER
control field 5797
003 - CONTROL NUMBER IDENTIFIER
control field BD-DhUET
008 - FIXED-LENGTH DATA ELEMENTS--GENERAL INFORMATION
fixed length control field 141129b xxu||||| |||| 00| 0 eng d
040 ## - CATALOGING SOURCE
Transcribing agency 0
Modifying agency BD-DhUET
082 ## - DEWEY DECIMAL CLASSIFICATION NUMBER
Classification number 621.811
Item number KHU/1984
100 ## - MAIN ENTRY--PERSONAL NAME
Personal name Khurmi, R. S.
245 ## - TITLE STATEMENT
Title Theory of machines
250 ## - EDITION STATEMENT
Edition statement 1st ed.
260 ## - PUBLICATION, DISTRIBUTION, ETC. (IMPRINT)
Place of publication, distribution, etc. New Delhi
Name of publisher, distributor, etc. Eurasia Publishing house
Date of publication, distribution, etc. 1984
300 ## - PHYSICAL DESCRIPTION
Extent viii,1107p.
Other physical details ill.
650 #0 - SUBJECT ADDED ENTRY--TOPICAL TERM
Topical term or geographic name as entry element Machinery, Kinematics
700 ## - ADDED ENTRY--PERSONAL NAME
Personal name Gupta, V. K.
942 ## - ADDED ENTRY ELEMENTS (KOHA)
Koha item type General Book
Holdings
Withdrawn status Koha full call number Sublocation or collection (holding branch) Price effective from Koha date last seen Copy number Source of classification or shelving scheme Damaged status Lost status Location (home branch) Date acquired Piece designation (barcode) Not for loan Koha date last borrowed Koha normalized classification for sorting Shelving location Koha item type Koha issues (times borrowed)
 621.11/KHU/1984Central Library, BUET2014-11-292025-04-131   Central Library, BUET2014-11-2958322 2024-09-17621_110000000000000_KHU_1984Circulation sectionGeneral Book4
 621.11/KHU/1984Central Library, BUET2014-11-292023-11-282   Central Library, BUET2014-11-2958325 2023-07-15621_110000000000000_KHU_1984Circulation sectionGeneral Book4
 621.811/KHU/1984Central Library, BUET2014-12-062023-11-293   Central Library, BUET2014-12-0658326 2023-09-16621_811000000000000_KHU_1984Circulation sectionGeneral Book8
 621.811/KHU/1984Central Library, BUET2015-06-202015-06-204   Central Library, BUET2015-06-2058321  621_811000000000000_KHU_1984Reading sectionReading Item 
 621.811/KHU/1984Central Library, BUET2015-06-282015-06-285   Central Library, BUET2015-06-2858320  621_811000000000000_KHU_1984Reading sectionReading Item 
 621.811/KHU/1984Central Library, BUET2015-06-282015-06-286   Central Library, BUET2015-06-2858318  621_811000000000000_KHU_1984Reading sectionReading Item 
 621.811/KHU/1984Central Library, BUET2015-06-302015-06-307   Central Library, BUET2015-06-3058317  621_811000000000000_KHU_1984Reading sectionReading Item